Παιδαγωγικό Τμήμα Δημοτικής Εκπαίδευσης : είκοσι χρόνια δημιουργίας και προσφοράς (1984-2004)
Saved in:
| Corporate Author: | |
|---|---|
| Format: | Book |
| Language: | Greek |
| Published: |
Αθήνα :
Εθνικό και Καποδιστριακό Πανεπιστήμιο Αθηνών. Παιδαγωγικό Τμήμα Δημοτικής Εκπαίδευσης,
2004
|
| Subjects: | |
| Tags: |
Add Tag
No Tags, Be the first to tag this record!
|
MARC
| LEADER | 00000cam a2200000 i 4500 | ||
|---|---|---|---|
| 001 | 1/72547 | ||
| 008 | 050302s2004 gre d | ||
| 020 | |a 960-8313-71-6 | ||
| 035 | |l 10076847 | ||
| 040 | |a GR-MY-UA |b gre |e aacr | ||
| 041 | 0 | |a gre | |
| 082 | 0 | |a 378.495 |2 (21) | |
| 110 | 2 | |a Εθνικό και Καποδιστριακό Πανεπιστήμιο Αθηνών. | |
| 245 | 1 | 0 | |a Παιδαγωγικό Τμήμα Δημοτικής Εκπαίδευσης : |b είκοσι χρόνια δημιουργίας και προσφοράς (1984-2004) / |c Εθνικό και Καποδιστριακό Πανεπιστήμιο Αθηνών |
| 260 | |a Αθήνα : |b Εθνικό και Καποδιστριακό Πανεπιστήμιο Αθηνών. Παιδαγωγικό Τμήμα Δημοτικής Εκπαίδευσης, |c 2004 | ||
| 300 | |a 635 σ.; |b φωτ.; |c 28 εκ. | ||
| 610 | 2 | 0 | |a Εθνικό και Καποδιστριακό Πανεπιστήμιο Αθηνών. |
| 650 | 0 | 0 | |a Universities and colleges |z Greece. |
| 852 | |a INST |b RHODES |e 20050302 |h 378.495 ΕΘΝ |p 005400017693 |q 005400017693 |t BK |y 0 | ||
| 901 | |a BIBL4-2005-1 | ||
| 970 | |a ΤΣΟΥΝΟΥ |b ΤΣΑΜΠΙΚΑ |z 2005/03/02 | ||